| 000 | 00785cam a2200253 4500 | ||
|---|---|---|---|
| 001 | J2930 | ||
| 008 | 090401t1994 xxu||||| |||| 00| 0 eng d | ||
| 035 | _a(Sirsi) u52018 | ||
| 041 | _aeng | ||
| 050 | _a692.3 | ||
| 110 |
_aConstruction Industry Federation _92255 |
||
| 245 | _aAgreed rules of measurement | ||
| 260 |
_aDublin _bSociety of Chartered Surveyors in the Re _c1994 |
||
| 300 | _a158p. ; 30cm. | ||
| 350 | _a0 | ||
| 520 | _aSuperseded by 2003 ed. (J125510). | ||
| 650 | _aAGREED RULES OF MEASUREMENT | ||
| 650 | _aIRELAND | ||
| 650 | _aBUILT ENVIRONMENT-QUANTITY SURVEYING-STANDARD METHOD OF MEASUREMENT | ||
| 690 |
_aQuantity surveying _96263 |
||
| 710 |
_aSociety of Chartered Surveyors in the Republic of Ireland _91971 |
||
| 942 | _n0 | ||
| 948 | _c04/03/1997 | ||
| 999 |
_c92984 _d92984 |
||